|
|
|
|
| LEADER |
00867nam a2200265 4500 |
| 001 |
DLU110128082 |
| 005 |
##20111115 |
| 040 |
# |
# |
|a DLU
|b vie
|
| 041 |
# |
# |
|a vie
|
| 044 |
# |
# |
|a vn
|
| 100 |
# |
# |
|a Phan Thị Thoa,
|c ThS.
|
| 245 |
# |
# |
|a Về những đồng tiền đầu tiên của nước Việt Nam dân chủ cộng hòa trong năm đầu sau cách mạng tháng Tám 1945 /
|c Phan Thị Thoa.
|
| 653 |
# |
# |
|a Cách mạng tháng Tám
|
| 653 |
# |
# |
|a Lịch sử tiền tệ Việt Nam
|
| 653 |
# |
# |
|a Tiền tệ
|
| 773 |
# |
# |
|t Nghiên cứu Lịch sử
|g Số 4(408), 2010, tr. 22-30
|
| 920 |
# |
# |
|a Phòng Tạp chí -- Trung tâm Thông tin - Thư viện Trường Đại học Đà Lạt
|
| 994 |
# |
# |
|a DLU
|
| 900 |
# |
# |
|a True
|
| 911 |
# |
# |
|a Nguyễn Thị Linh Chi
|
| 925 |
# |
# |
|a G
|
| 926 |
# |
# |
|a A
|
| 927 |
# |
# |
|a BB
|
| 980 |
# |
# |
|a Thư viện Trường Đại học Đà Lạt
|